Statistics for Fast type A-B-C's

Click here to take the quiz!

General Stats

  • This quiz has been taken 20 times
  • The average score is 23 of 26

Answer Stats

HintAnswer% Correct
AA
100%
BB
100%
CC
100%
DD
100%
EE
100%
FF
100%
GG
100%
HH
100%
II
100%
JJ
100%
KK
89%
LL
89%
MM
89%
NN
89%
OO
89%
PP
89%
QQ
78%
RR
78%
SS
78%
TT
78%
UU
78%
VV
78%
WW
78%
XX
67%
YY
67%
ZZ
67%

Score Distribution

Percentile by Number Answered

Percent of People with Each Score

Your Score History

You have not taken this quiz